Statistics for Most Populous Countries A-Z

Click here to take the quiz!

General Stats

  • This quiz has been taken 132,098 times
    (66,022 since last reset)
  • The average score is 18 of 23

Answer Stats

Population Country % Correct
C1420 milChina
99%
I1369 milIndia
96%
U330 milUnited States
94%
F65.6 milFrance
90%
R144 milRussia
90%
B213 milBrazil
90%
G82.4 milGermany
87%
J127 milJapan
86%
Q2.74 milQatar
85%
Y29.6 milYemen
83%
Z18.1 milZambia
82%
O5.00 milOman
82%
N201 milNigeria
77%
A45.1 milArgentina
76%
E110 milEthiopia
73%
V97.4 milVietnam
72%
P205 milPakistan
72%
M132 milMexico
70%
T83.0 milTurkey
64%
L7.06 milLaos
58%
H11.2 milHaiti
58%
K52.2 milKenya
52%
S58.1 milSouth Africa
51%

Score Distribution

Percentile by Number Answered

Percent of People with Each Score

Your Score History

You have not taken this quiz since the last reset